The 48 laws of power / (Record no. 9569)

MARC details
000 -LEADER
fixed length control field 00718nam a22002417a 4500
001 - CONTROL NUMBER
control field 9569
003 - CONTROL NUMBER IDENTIFIER
control field FISKH
005 - DATE AND TIME OF LATEST TRANSACTION
control field 20260123144624.0
008 - FIXED-LENGTH DATA ELEMENTS--GENERAL INFORMATION
fixed length control field 260123b cb ||||| |||| 00| 0 eng d
020 ## - INTERNATIONAL STANDARD BOOK NUMBER
International Standard Book Number 9781861972781
040 ## - CATALOGING SOURCE
Original cataloging agency FISKH
Language of cataloging eng
Transcribing agency FISKH
Modifying agency FISKH
050 ## - LIBRARY OF CONGRESS CALL NUMBER
Classification number BD438 .G74
082 ## - DEWEY DECIMAL CLASSIFICATION NUMBER
Classification number 303.3
100 ## - MAIN ENTRY--PERSONAL NAME
Personal name Greene, Robert
245 ## - TITLE STATEMENT
Title The 48 laws of power /
Statement of responsibility, etc. By Robert Greene
250 ## - EDITION STATEMENT
Edition statement This paperback edition published in 2000
260 ## - PUBLICATION, DISTRIBUTION, ETC.
Place of publication, distribution, etc. London :
Name of publisher, distributor, etc. Profile Books,
Date of publication, distribution, etc. 2021 .
300 ## - PHYSICAL DESCRIPTION
Extent 452 pages :
Other physical details color illustrations ;
Dimensions 24 cm .
650 ## - SUBJECT ADDED ENTRY--TOPICAL TERM
Topical term or geographic name entry element Niccolo Machiavelli
Form subdivision Non-fiction
650 ## - SUBJECT ADDED ENTRY--TOPICAL TERM
Topical term or geographic name entry element Self-improvement
Form subdivision Non-fiction
700 ## - ADDED ENTRY--PERSONAL NAME
Personal name Elffers , Joost
Relator term Illustrator
942 ## - ADDED ENTRY ELEMENTS (KOHA)
Source of classification or shelving scheme Dewey Decimal Classification
Koha item type Books
Suppress in OPAC No
Holdings
Withdrawn status Lost status Source of classification or shelving scheme Damaged status Not for loan Collection Home library Current library Shelving location Date acquired Total Checkouts Full call number Barcode Date due Date last seen Date last checked out Copy number Price effective from Koha item type
    Dewey Decimal Classification     Non-Fiction Footprints International School Library Network Toul Kork Campus Footprints International School Library Network Toul Kork Campus A TK Campus, 4th Floor, Room B401, Non-Fiction Bookcases(7-8) 03/17/2026 1 GRE 303.3 BD438 .G74 2026-0325 05/14/2026 04/30/2026 04/30/2026 2 03/17/2026 Books
    Dewey Decimal Classification     Non-Fiction Footprints International School Library Network Toul Tom Poung Campus Footprints International School Library Network Toul Tom Poung Campus TTP Secondary Non-Fiction Bookshelves 01/23/2026 2 GRE 303.3 BD438 .G74 2026-0086 03/12/2026 02/26/2026 02/26/2026 1 01/23/2026 Books